000 00781nam a2200265Ia 4500
003 OSt
005 20220924124014.0
006 a|||||r|||| 00| 0
007 ta
008 220923b |||||||| |||| 00| 0 urd d
020 _a8180420469 (hbk)
020 _c200
024 _a319185
037 _b5534/1, 06/03/2009, Modern Publishing House
_cTextual
040 _aARTS
_cARTS
_burd
041 _2urd
_aurd
082 _aO168,5:g, P7
100 _aAhmad Ausaf Au.
_9180395
245 0 _aKhud kalamiyan
260 _aNew Delhi
_b Moden publishing house India
_c2005
300 _a168p.
_ccm.
650 _aURDU SengCHES
942 _hO168,5:g, P7
_cTEXL
_2CC
999 _c418013
_d418013